[Event "M.Chigorin Memorial 2017 "]
[Site "?????-?????????"]
[Date "2017.10.22"]
[Round "2"]
[Board "159"]
[White "Kobozev, Aleksandr"]
[Black "Shavykin, Oleg"]
[Result "1-0"]
[WhiteElo "1554"]
[BlackElo "2002"]
[PlyCount "87"]
[EventDate "2017.10.21"]
[EventRounds "9"]
[EventCountry "RUS"]

1. e4 c5 2. c3 Nf6 3. e5 Nd5 4. d4 e6 5. Nf3 a6 6. c4 Nc7 7. d5 d6 8. Bg5 f6 9.
exf6 gxf6 10. Bh4 Qe7 11. Be2 Bh6 12. Nc3 O-O 13. O-O e5 14. Ne4 Ne8 15. Nfd2
Bf5 16. Bg4 Bg6 17. Ng3 Ng7 18. Nde4 Bg5 19. Bxg5 fxg5 20. Be6+ Kh8 21. Qg4 h6
22. Qe2 Nd7 23. a3 Rf4 24. b4 b6 25. f3 Nf8 26. Bh3 h5 27. Qe3 Nh7 28. Ne2 Rxe4
29. fxe4 g4 30. Bxg4 hxg4 31. Nc3 Qh4 32. bxc5 bxc5 33. Rab1 Ng5 34. Rfe1 Rf8
35. Qg3 Qh5 36. Rb6 Rf4 37. Rxd6 Nxe4 38. Nxe4 Bxe4 39. Rxa6 Nf5 40. Qb3 g3 41.
hxg3 Nxg3 42. Qxg3 Rg4 43. Rh6+ Qxh6 44. Qxg4  1-0

[Event "M.Chigorin Memorial 2017 "]
[Site "?????-?????????"]
[Date "2017.10.22"]
[Round "2"]
[Board "160"]
[White "Ansat, Aldiyar"]
[Black "Kudin, Alexander"]
[Result "1-0"]
[WhiteElo "1996"]
[BlackElo "1520"]
[PlyCount "45"]
[EventDate "2017.10.21"]
[EventRounds "9"]
[EventCountry "RUS"]

1. e4 c5 2. c3 d6 3. d4 cxd4 4. cxd4 Nf6 5. Nc3 e6 6. Nf3 Be7 7. Bd3 O-O 8. O-O
b6 9. Bg5 Bb7 10. Bc2 Nbd7 11. Qd3 g6 12. Nd2 e5 13. Rfe1 Nh5 14. Bh6 Re8 15.
Bb3 Bf8 16. Be3 Bg7 17. Nb5 Ba6 18. Bxf7+ Kxf7 19. Nxd6+ Ke6 20. Qa3 Bf8 21.
d5+ Ke7 22. Bg5+ Nhf6 23. Nb7+  1-0

[Event "M.Chigorin Memorial 2017 "]
[Site "?????-?????????"]
[Date "2017.10.22"]
[Round "2"]
[Board "161"]
[White "Aslanov, Umid"]
[Black "Sergeeva, Natalia"]
[Result "0-1"]
[WhiteElo "1520"]
[BlackElo "1994"]
[PlyCount "87"]
[EventDate "2017.10.21"]
[EventRounds "9"]
[EventCountry "RUS"]

1. e4 c6 2. d4 d5 3. Nc3 dxe4 4. Nxe4 Nf6 5. Nxf6+ exf6 6. c3 Bd6 7. Bd3 O-O 8.
Ne2 Re8 9. Qc2 h6 10. O-O Qc7 11. Ng3 Bg4 12. Bf5 Bxf5 13. Qxf5 Nd7 14. Qg4
Bxg3 15. fxg3 g5 16. h4 Re6 17. Rf5 Kg7 18. Bf4 Qb6 19. Rf1 h5 20. Qxh5 gxf4
21. b3 Rae8 22. Qg4+ Kf8 23. h5 Ke7 24. b4 fxg3 25. Qxg3 Rh8 26. Qf3 Qc7 27.
Rf4 Kd8 28. a4 Kc8 29. Rh4 Qd8 30. b5 cxb5 31. axb5 Qe7 32. Qf5 Re1 33. Qd3
Rxf1+ 34. Kxf1 f5 35. Qg3 Nf6 36. Qf3 Qe6 37. Qd3 Rxh5 38. Rxh5 Nxh5 39. c4 f4
40. d5 Qe5 41. Qh3+ Kc7 42. d6+ Kxd6 43. Qd3+ Kc7 44. Qc2  0-1

[Event "M.Chigorin Memorial 2017 "]
[Site "?????-?????????"]
[Date "2017.10.22"]
[Round "2"]
[Board "162"]
[White "Kundianok, Vladislav"]
[Black "Shceglov, Mikhail"]
[Result "1-0"]
[WhiteElo "1993"]
[BlackElo "1503"]
[PlyCount "89"]
[EventDate "2017.10.21"]
[EventRounds "9"]
[EventCountry "RUS"]

1. e4 c5 2. Nf3 Nc6 3. d4 cxd4 4. Nxd4 Nf6 5. Nc3 d6 6. Bg5 a6 7. Qd2 Bd7 8. f4
b5 9. a3 Qb6 10. Nf3 Bg4 11. Bh4 Nd7 12. Nd5 Qb7 13. Nd4 Nxd4 14. Qxd4 Be6 15.
Nc3 Rc8 16. Be2 Bc4 17. Bg4 f6 18. Rd1 Bf7 19. O-O Rc4 20. Qe3 e6 21. Qh3 Ke7
22. Rd2 h5 23. Be2 Rc7 24. Rfd1 Ke8 25. Qd3 Nc5 26. Qe3 Be7 27. Bf3 Qc8 28. Qd4
e5 29. Qe3 Be6 30. f5 Bf7 31. Qe2 Nd7 32. Nd5 Bxd5 33. exd5 Rc4 34. Bxh5+ Kf8
35. Bg3 Nb6 36. b3 Rc3 37. Qg4 Rh6 38. Bf2 Bd8 39. Re2 Nd7 40. Be1 Bb6+ 41. Kh1
Rxc2 42. Rxc2 Qxc2 43. Bd2 Rxh5 44. Qxh5 Bd4 45. Rc1  1-0

[Event "M.Chigorin Memorial 2017 "]
[Site "?????-?????????"]
[Date "2017.10.22"]
[Round "2"]
[Board "163"]
[White "Bugaev, Anton"]
[Black "Slugin, Yaroslav"]
[Result "0-1"]
[WhiteElo "1503"]
[BlackElo "1992"]
[PlyCount "52"]
[EventDate "2017.10.21"]
[EventRounds "9"]
[EventCountry "RUS"]

1. d4 c5 2. d5 g6 3. Nf3 Bg7 4. e4 d6 5. Bd3 e6 6. c4 Ne7 7. O-O O-O 8. Qc2 Na6
9. a3 Nc7 10. Nc3 Rb8 11. Rb1 exd5 12. cxd5 b5 13. b3 f5 14. Rd1 fxe4 15. Bxe4
Bf5 16. Bxf5 Nxf5 17. Ne4 Qd7 18. Bb2 Rbe8 19. Bxg7 Nxg7 20. Re1 Nh5 21. Rbd1
Nf4 22. Rd2 Nxg2 23. Qc3 Nxe1 24. Nf6+ Rxf6 25. Qxf6 Qg4+ 26. Kf1 Qg2#  0-1

[Event "M.Chigorin Memorial 2017 "]
[Site "?????-?????????"]
[Date "2017.10.22"]
[Round "2"]
[Board "164"]
[White "Gordon, Evgeny"]
[Black "Pogorelov, Boris"]
[Result "1-0"]
[WhiteElo "1990"]
[BlackElo "1484"]
[PlyCount "119"]
[EventDate "2017.10.21"]
[EventRounds "9"]
[EventCountry "RUS"]

1. d4 d5 2. c4 c6 3. Nc3 Nf6 4. e3 a6 5. b3 Bf5 6. Bd3 Bxd3 7. Qxd3 e6 8. Nf3
Be7 9. O-O O-O 10. Rd1 Nbd7 11. Bb2 Rc8 12. h3 h6 13. a4 Qb6 14. Nd2 a5 15. e4
Nb8 16. e5 Nfd7 17. c5 Qd8 18. Re1 Na6 19. Nf3 Nb4 20. Qe2 Nb8 21. Bc1 Qd7 22.
Bf4 N8a6 23. Qd2 Kh7 24. Nh2 Qd8 25. Be3 Nc7 26. f4 f5 27. exf6 Bxf6 28. Ng4
Qd7 29. Na2 Nca6 30. Nxb4 Nxb4 31. Bf2 Qf7 32. Re2 Rce8 33. Rd1 Qg6 34. g3 h5
35. Nxf6+ Rxf6 36. Kh2 Rf7 37. Be1 Qf6 38. Re5 g6 39. Qe2 Rfe7 40. Bxb4 axb4
41. h4 Rb8 42. Re1 Rbe8 43. Qd2 Rc7 44. Qxb4 Qf7 45. Qd2 Rce7 46. b4 Qg8 47.
Qc2 Rf8 48. Rxh5+ Kg7 49. Rhe5 Rf6 50. b5 Qa8 51. Rg5 Qh8 52. Kg2 Kf7 53. Ree5
Qh7 54. h5 Qh6 55. Rxg6 Rxg6 56. Qxg6+ Qxg6 57. hxg6+ Kxg6 58. f5+ Kf6 59.
Rxe6+ Rxe6 60. fxe6  1-0

[Event "M.Chigorin Memorial 2017 "]
[Site "?????-?????????"]
[Date "2017.10.22"]
[Round "2"]
[Board "165"]
[White "Astakhov, Dmitrii"]
[Black "Misyura, Ilya"]
[Result "1/2-1/2"]
[WhiteElo "1490"]
[BlackElo "1974"]
[PlyCount "75"]
[EventDate "2017.10.21"]
[EventRounds "9"]
[EventCountry "RUS"]

1. d4 Nf6 2. c4 g6 3. Nc3 Bg7 4. e4 d6 5. Be2 O-O 6. Bg5 h6 7. Be3 c5 8. d5 e6
9. Qd2 exd5 10. exd5 Kh7 11. f3 Re8 12. O-O-O a6 13. g4 Bd7 14. h4 b5 15. g5 b4
16. Nb1 Nh5 17. gxh6 Bh8 18. Bd3 Qa5 19. Nh3 Bxh3 20. Rxh3 Qxa2 21. f4 Nd7 22.
Qc2 a5 23. Rg1 Rg8 24. Be2 b3 25. Nc3 bxc2 26. Nxa2 Rab8 27. Nc3 Bxc3 28. bxc3
Rb1+ 29. Kxc2 Rxg1 30. Bxg1 Nxf4 31. Re3 Nxe2 32. Rxe2 Ne5 33. Bxc5 Nxc4 34.
Re4 Rc8 35. Bd4 Rg8 36. Bc5 Rc8 37. Bd4 Rg8 38. Bc5  1/2-1/2

[Event "M.Chigorin Memorial 2017 "]
[Site "?????-?????????"]
[Date "2017.10.22"]
[Round "2"]
[Board "166"]
[White "Timofeev, Vsevolod"]
[Black "Chekletsov, Egor"]
[Result "0-1"]
[WhiteElo "1479"]
[BlackElo "1970"]
[PlyCount "64"]
[EventDate "2017.10.21"]
[EventRounds "9"]
[EventCountry "RUS"]

1. e4 c5 2. Nf3 e6 3. d4 cxd4 4. Nxd4 a6 5. c4 Nf6 6. Nc3 Bb4 7. Qd3 d5 8. cxd5
exd5 9. e5 Ne4 10. g3 Qc7 11. Nc2 Ba5 12. Bd2 Qxe5 13. Nxe4 dxe4 14. Qe3 Bxd2+
15. Kxd2 O-O 16. Qd4 Qe7 17. Ke3 Qg5+ 18. Ke2 Bg4+ 19. Ke1 Bf3 20. Rg1 Nc6 21.
Qc3 Rac8 22. Qb3 Ne5 23. Ne3 Rfd8 24. Qxb7 Rb8 25. Qc7 Rxb2 26. h4 Bd1 27. Bc4
Nf3+ 28. Kf1 Rxf2+ 29. Kxf2 Rd2+ 30. Kf1 Nh2+ 31. Ke1 Qxe3+ 32. Be2 Qxe2#  0-1

[Event "M.Chigorin Memorial 2017 "]
[Site "?????-?????????"]
[Date "2017.10.22"]
[Round "2"]
[Board "167"]
[White "Atakishiyev, Elmar"]
[Black "Biyachuev, Minkail"]
[Result "1-0"]
[WhiteElo "1969"]
[BlackElo "1475"]
[PlyCount "51"]
[EventDate "2017.10.21"]
[EventRounds "9"]
[EventCountry "RUS"]

1. e4 e5 2. Nf3 Nc6 3. Bc4 Nf6 4. d3 d5 5. exd5 Nxd5 6. O-O Be7 7. Re1 f6 8. a4
Bg4 9. c3 Bxf3 10. Qxf3 Nb6 11. Bb3 Na5 12. Ba2 Nxa4 13. Qg4 Nb6 14. Qxg7 Kd7
15. Qg4+ Ke8 16. d4 Nc6 17. Qh5+ Kd7 18. Qf5+ Ke8 19. Bh6 Qd6 20. Bg7 Rf8 21.
Bxf8 Bxf8 22. Nd2 Qe7 23. Ne4 Nd7 24. Rad1 Rd8 25. Qh5+ Qf7 26. Qxf7#  1-0

[Event "M.Chigorin Memorial 2017 "]
[Site "?????-?????????"]
[Date "2017.10.22"]
[Round "2"]
[Board "168"]
[White "Khalilov, Emin"]
[Black "Shmoilov, Dmitry"]
[Result "1-0"]
[WhiteElo "1470"]
[BlackElo "1962"]
[PlyCount "107"]
[EventDate "2017.10.21"]
[EventRounds "9"]
[EventCountry "RUS"]

1. e4 c6 2. d4 d5 3. e5 c5 4. c3 Nc6 5. Nf3 Bg4 6. Be2 e6 7. Be3 Bxf3 8. Bxf3
cxd4 9. cxd4 Bb4+ 10. Nc3 Nge7 11. Bg4 O-O 12. O-O Rc8 13. Ne2 Ng6 14. f4 Qb6
15. Rf3 Nh4 16. Rh3 Nf5 17. Bxf5 exf5 18. Ng3 g6 19. Nxf5 Qd8 20. Nh6+ Kh8 21.
f5 Qd7 22. Bg5 Be7 23. f6 Bb4 24. Ng4 Nxd4 25. Bh6 Nf5 26. Bg7+ Kg8 27. Bxf8
Bxf8 28. Rd3 d4 29. Ne3 Nh6 30. Kh1 Rd8 31. Nc2 Nf5 32. Qe2 Qe6 33. Rad1 Bc5
34. b4 Bb6 35. g4 Nh4 36. Qe4 Qxa2 37. Nxd4 h6 38. Ne2 Re8 39. Nf4 g5 40. Nd5
Ng6 41. Nxb6 Rxe5 42. Qxb7 axb6 43. Rd8+ Kh7 44. R8d7 Nh8 45. Qf3 Ng6 46. R7d2
Qe6 47. Rf1 Nf4 48. Qb7 Qxf6 49. Qc7 Kg7 50. Rd6 Re6 51. Rxe6 Qxe6 52. Qc3+ Kg8
53. Qf3 Qc4 54. Rb1  1-0

[Event "M.Chigorin Memorial 2017 "]
[Site "?????-?????????"]
[Date "2017.10.22"]
[Round "2"]
[Board "169"]
[White "Natarov, Ilya"]
[Black "Mustafazade, Fikrat"]
[Result "1-0"]
[WhiteElo "1961"]
[BlackElo "1466"]
[PlyCount "93"]
[EventDate "2017.10.21"]
[EventRounds "9"]
[EventCountry "RUS"]

1. d4 d5 2. c4 e6 3. Nc3 Nf6 4. cxd5 exd5 5. Bg5 Nbd7 6. e3 Be7 7. Bd3 O-O 8.
h3 c6 9. Nf3 Re8 10. Qc2 Nf8 11. O-O Ne4 12. Bf4 f5 13. Rab1 Bf6 14. b4 Ng6 15.
Bh2 a6 16. Na4 Ne7 17. Nc5 g5 18. a4 Ng6 19. b5 axb5 20. axb5 Ne7 21. bxc6 bxc6
22. Ra1 Rxa1 23. Rxa1 h5 24. Ra8 Kf7 25. Bxe4 fxe4 26. Nb7 Qb6 27. Nd6+ Kf8 28.
Nxe8 exf3 29. Nxf6 Kf7 30. Rxc8 Qa6 31. Rb8 Kxf6 32. Be5+ Ke6 33. gxf3 Nf5 34.
Re8+ Kd7 35. Qxf5+ Kxe8 36. Qe6+ Kd8 37. Qd6+ Ke8 38. Bf6 Qa1+ 39. Kg2 Qa7 40.
Qxc6+ Kf7 41. Bxg5 Qb8 42. Qf6+ Kg8 43. Bh6 Qb7 44. Qg6+ Kh8 45. Bf4 h4 46.
Be5+ Qg7 47. Qxg7#  1-0

[Event "M.Chigorin Memorial 2017 "]
[Site "?????-?????????"]
[Date "2017.10.22"]
[Round "2"]
[Board "170"]
[White "Serov, Aleksandr"]
[Black "Pogorelskikh, Sofia"]
[Result "0-1"]
[WhiteElo "1456"]
[BlackElo "1959"]
[PlyCount "142"]
[EventDate "2017.10.21"]
[EventRounds "9"]
[EventCountry "RUS"]

1. d4 Nf6 2. c4 g6 3. Nc3 Bg7 4. e4 d6 5. f3 O-O 6. Be3 c5 7. Nge2 b6 8. d5 e6
9. Qd2 exd5 10. cxd5 Ba6 11. Ng3 Bxf1 12. Rxf1 Na6 13. Kf2 Nc7 14. Kg1 Re8 15.
Rab1 Nd7 16. Rfc1 Ne5 17. Qe2 h5 18. b4 Qc8 19. bxc5 bxc5 20. Nb5 Nxb5 21. Rxb5
Qc7 22. Rcb1 Reb8 23. Nf1 Rb6 24. Nd2 Rab8 25. a4 a6 26. Rxb6 Rxb6 27. Rxb6
Qxb6 28. h3 Nd7 29. Nc4 Qb1+ 30. Kh2 Nb6 31. Nd2 Qb4 32. Qxa6 Be5+ 33. f4 Bc3
34. Qd3 Bxd2 35. Bxd2 Qxa4 36. e5 Qc4 37. Qxc4 Nxc4 38. Bc3 Kf8 39. exd6 Nxd6
40. Kg1 Ke7 41. Kf1 Nc4 42. Ke2 Kd6 43. Kd3 Kxd5 44. g4 Nd6 45. g5 Ne4 46. Be1
c4+ 47. Ke3 Nd6 48. Bc3 Nf5+ 49. Kf3 Nd6 50. Ke3 Ne4 51. Be1 Nc5 52. Bc3 Na4
53. Bb4 Nb6 54. Bc3 Nc8 55. Bb4 Nd6 56. Bc3 Ke6 57. Be5 Nb5 58. Bb8 Kf5 59. Be5
Na7 60. Bb8 Nc6 61. Bd6 Nd8 62. Be5 Ne6 63. Kf3 Nxg5+ 64. Kg3 Ne6 65. Kf3 f6
66. Bc3 Nxf4 67. Bxf6 Kxf6 68. Kxf4 g5+ 69. Ke3 Ke5 70. Kf3 g4+ 71. hxg4 hxg4+
 0-1

[Event "M.Chigorin Memorial 2017 "]
[Site "?????-?????????"]
[Date "2017.10.22"]
[Round "2"]
[Board "171"]
[White "Dushin, Nikolay"]
[Black "Sviridov, Leon"]
[Result "1-0"]
[WhiteElo "1956"]
[BlackElo "1427"]
[PlyCount "69"]
[EventDate "2017.10.21"]
[EventRounds "9"]
[EventCountry "RUS"]

1. d4 Nf6 2. Bg5 g6 3. Nc3 Bg7 4. e4 d6 5. f3 O-O 6. Qd2 c6 7. Nge2 Nbd7 8. Bh6
a6 9. h4 Qb6 10. O-O-O Qa7 11. g4 b5 12. Ng3 Nb6 13. h5 b4 14. Nb1 Nxg4 15.
Bxg7 Kxg7 16. hxg6 fxg6 17. fxg4 Rf7 18. Be2 Be6 19. Rdf1 Raf8 20. Qxb4 Qc7 21.
Rxf7+ Rxf7 22. Rf1 Rxf1+ 23. Nxf1 d5 24. e5 Nc4 25. b3 a5 26. Qc3 Nb6 27. Qxa5
Qd8 28. Qe1 Qf8 29. Qg3 Qf7 30. a4 Qf8 31. a5 Na8 32. b4 Qb8 33. Qc3 Qb7 34.
Ne3 Qa7 35. Nd2  1-0

[Event "M.Chigorin Memorial 2017 "]
[Site "?????-?????????"]
[Date "2017.10.22"]
[Round "2"]
[Board "172"]
[White "Stepanyan, Eva"]
[Black "Airapetyan, Anzhelika"]
[Result "1-0"]
[WhiteElo "1952"]
[BlackElo "1382"]
[PlyCount "69"]
[EventDate "2017.10.21"]
[EventRounds "9"]
[EventCountry "RUS"]

1. e4 e5 2. Nf3 Nc6 3. Bb5 Nge7 4. c3 g6 5. O-O a6 6. Ba4 Bg7 7. d4 exd4 8.
cxd4 O-O 9. h3 b5 10. Bc2 Na5 11. Nc3 d6 12. Bg5 h6 13. Be3 Nb7 14. Qd2 Kh7 15.
Rad1 f5 16. Nh2 Be6 17. Rfe1 Bg8 18. Nf3 Rf7 19. Ne2 Rf6 20. a3 Rf8 21. Ng3 c5
22. exf5 Nxf5 23. Nxf5 gxf5 24. dxc5 dxc5 25. Qxd8 Raxd8 26. Rxd8 Nxd8 27. Bxc5
Rf7 28. Nh4 Bxb2 29. Nxf5 Kh8 30. Nxh6 Rc7 31. Re8 Kg7 32. Rxg8+ Kxh6 33. Be3+
Kh5 34. Bd1+ Kh4 35. Bg5#  1-0

[Event "M.Chigorin Memorial 2017 "]
[Site "?????-?????????"]
[Date "2017.10.22"]
[Round "2"]
[Board "173"]
[White "Klevets, Ksenia"]
[Black "Naryshkina, Irina"]
[Result "1/2-1/2"]
[WhiteElo "1948"]
[BlackElo "1382"]
[PlyCount "117"]
[EventDate "2017.10.21"]
[EventRounds "9"]
[EventCountry "RUS"]

1. d4 d5 2. Nf3 Nc6 3. e3 Nf6 4. b3 Bf5 5. Bd3 Ne4 6. Nh4 e6 7. Nxf5 exf5 8.
O-O Bd6 9. f4 Qe7 10. Bxe4 fxe4 11. Nc3 O-O-O 12. Nxd5 Qh4 13. g3 Qh3 14. c4 b6
15. a4 h5 16. Qe2 Qg4 17. Qxg4+ hxg4 18. Ba3 a5 19. Bxd6 Rxd6 20. f5 Rdh6 21.
Ra2 f6 22. Rf4 Rh5 23. Raf2 Nb4 24. Nxb4 axb4 25. Rxe4 Rg5 26. Re6 Kd7 27. e4
Rf8 28. a5 bxa5 29. Ra6 Re8 30. Rf4 g6 31. Rxf6 gxf5 32. e5 c5 33. R6xf5 Rxf5
34. Rxf5 cxd4 35. Kf2 Ke6 36. Rf4 Kxe5 37. Rxg4 a4 38. bxa4 b3 39. Rg5+ Ke4 40.
Rb5 Rf8+ 41. Kg2 Rf3 42. c5 Rc3 43. Rb4 Rc2+ 44. Kh3 b2 45. c6 Kf3 46. Rb3+ Rc3
47. Rxb2 Rxc6 48. Rb3+ Rc3 49. Rb7 Ra3 50. Rf7+ Ke2 51. Re7+ Re3 52. Rxe3+ Kxe3
53. a5 d3 54. a6 d2 55. a7 d1=Q 56. a8=Q Qh5+ 57. Kg2 Qe2+ 58. Kh3 Qh5+ 59. Kg2
 1/2-1/2

[Event "M.Chigorin Memorial 2017 "]
[Site "?????-?????????"]
[Date "2017.10.22"]
[Round "2"]
[Board "174"]
[White "Oskin, Iakov"]
[Black "Kuznetsov, Mikhail"]
[Result "0-1"]
[WhiteElo "1410"]
[BlackElo "1947"]
[PlyCount "102"]
[EventDate "2017.10.21"]
[EventRounds "9"]
[EventCountry "RUS"]

1. d4 d5 2. Nf3 Nf6 3. c4 c6 4. Nc3 e6 5. Bg5 Be7 6. e3 h6 7. Bh4 Nbd7 8. Bd3
dxc4 9. Bxc4 b5 10. Bd3 a6 11. O-O c5 12. Rc1 Bb7 13. Re1 Rc8 14. Bb1 O-O 15.
a4 b4 16. Ne2 cxd4 17. Nexd4 Nc5 18. Ba2 Nfe4 19. Bxe7 Qxe7 20. Ne5 Rfd8 21.
Qh5 Qf6 22. Ng4 Qg5 23. Qxg5 Nxg5 24. h4 Nge4 25. f3 Nd3 26. Rxc8 Rxc8 27. Rd1
Nec5 28. Nxe6 fxe6 29. Rxd3 Nxd3 30. Bxe6+ Kf8 31. Bxc8 Bxc8 32. Nf2 Nxb2 33.
a5 Nc4 34. Nd3 b3 35. e4 b2 36. Nxb2 Nxb2 37. g4 Nc4 38. Kg2 Nxa5 39. Kg3 Nc4
40. g5 a5 41. f4 a4 42. f5 a3 43. gxh6 gxh6 44. Kf4 a2 45. e5 a1=Q 46. e6 Qe5+
47. Kg4 Ne3+ 48. Kf3 Nxf5 49. e7+ Kxe7 50. h5 Qe3+ 51. Kg4 Qg3#  0-1

[Event "M.Chigorin Memorial 2017 "]
[Site "?????-?????????"]
[Date "2017.10.22"]
[Round "2"]
[Board "175"]
[White "Runets, Ivan"]
[Black "Petrova, Varvara"]
[Result "1-0"]
[WhiteElo "1945"]
[BlackElo "1362"]
[PlyCount "69"]
[EventDate "2017.10.21"]
[EventRounds "9"]
[EventCountry "RUS"]

1. d4 Nf6 2. Nf3 g6 3. g3 d5 4. Bg2 Bg7 5. O-O O-O 6. Bf4 Nbd7 7. Nbd2 c5 8. c3
b6 9. Qb3 Bb7 10. Rfd1 Re8 11. Ne5 e6 12. Qc2 Rc8 13. Qa4 a6 14. Ndf3 b5 15.
Qb3 cxd4 16. cxd4 Nb6 17. Rdc1 Nc4 18. a4 Nd6 19. Nd3 Bc6 20. a5 Nb7 21. Nb4
Nxa5 22. Rxa5 Qxa5 23. Nxc6 Qb6 24. Ne7+ Rxe7 25. Rxc8+ Re8 26. Qc2 Qb7 27. Rc7
Qb6 28. Ne5 Rf8 29. Qc5 Qa5 30. Nd3 Qa1+ 31. Qc1 Qa4 32. Bd6 Re8 33. Bb4 h5 34.
Qb1 Qb3 35. Rc3  1-0

[Event "M.Chigorin Memorial 2017 "]
[Site "?????-?????????"]
[Date "2017.10.22"]
[Round "2"]
[Board "176"]
[White "Rudikov, Dmitry"]
[Black "Uspenskaya, Ksenia"]
[Result "1-0"]
[WhiteElo "1943"]
[BlackElo "1073"]
[PlyCount "43"]
[EventDate "2017.10.21"]
[EventRounds "9"]
[EventCountry "RUS"]

1. d4 d5 2. c4 c6 3. cxd5 cxd5 4. Nc3 Nf6 5. Bf4 Bf5 6. e3 a6 7. Nf3 Nc6 8. Nh4
Bg6 9. Nxg6 hxg6 10. Bd3 e6 11. Rc1 Bd6 12. Bxd6 Qxd6 13. f4 Rc8 14. Kf2 Nb4
15. Bb1 Nc6 16. h3 Nd7 17. g4 Ne7 18. g5 Nf5 19. Bxf5 gxf5 20. Nb5 Qb8 21.
Rxc8+ Qxc8 22. Nd6+  1-0

[Event "M.Chigorin Memorial 2017 "]
[Site "?????-?????????"]
[Date "2017.10.22"]
[Round "2"]
[Board "177"]
[White "Koltsova, Alisa"]
[Black "Andrijashkin, Deniss"]
[Result "0-1"]
[WhiteElo "1378"]
[BlackElo "1929"]
[PlyCount "112"]
[EventDate "2017.10.21"]
[EventRounds "9"]
[EventCountry "RUS"]

1. d4 Nf6 2. c4 g6 3. Nc3 Bg7 4. e4 d6 5. Nf3 O-O 6. Be2 Nbd7 7. O-O e5 8. dxe5
dxe5 9. Be3 Qe7 10. Nd2 c6 11. Nb3 Re8 12. Qc2 Nf8 13. h3 Ne6 14. Rad1 Bd7 15.
Rfe1 h5 16. Qc1 Kh7 17. a3 Rg8 18. Rd3 g5 19. Qd1 Bc8 20. Bxh5 Nf4 21. Bxf4
gxf4 22. Bf3 Bh6 23. Kf1 Be6 24. Nd2 Bg5 25. Qb3 Bh4 26. Qb4 Qc7 27. Rd1 Nd7
28. Na4 a5 29. Qc3 Qd8 30. b3 Qg5 31. Ke2 Qe7 32. c5 Qg5 33. Nb1 Nf6 34. Nb6
Rae8 35. Nc4 Nd7 36. Nd6 Re7 37. b4 axb4 38. axb4 Nf6 39. Na3 Nh5 40. Rf1 f6
41. Nac4 Ra8 42. Rd2 Bxf2 43. Rxf2 Ng3+ 44. Ke1 Qh4 45. Nb6 Rg8 46. Kd1 Reg7
47. Nf5 Bxf5 48. exf5 e4 49. Bxe4 Nxe4 50. Qd4 Nxf2+ 51. Rxf2 Qh5+ 52. g4 fxg3+
53. Re2 Re8 54. Qc4 Qxe2+ 55. Qxe2 Rxe2 56. Kxe2 g2  0-1

[Event "M.Chigorin Memorial 2017 "]
[Site "?????-?????????"]
[Date "2017.10.22"]
[Round "2"]
[Board "178"]
[White "Ali, Ahad"]
[Black "Khalikov, Bulat"]
[Result "0-1"]
[WhiteElo "1356"]
[BlackElo "1925"]
[PlyCount "102"]
[EventDate "2017.10.21"]
[EventRounds "9"]
[EventCountry "RUS"]

1. Nf3 Nf6 2. d4 d5 3. Bf4 e6 4. e3 Be7 5. Bd3 O-O 6. Nbd2 c5 7. c3 b6 8. O-O
Ba6 9. Ne5 Bxd3 10. Nxd3 Nc6 11. Nf3 Ne4 12. Nfe5 Nxe5 13. Nxe5 f6 14. Nc6 Qd7
15. Nxe7+ Qxe7 16. f3 Nd6 17. dxc5 bxc5 18. e4 Rfd8 19. exd5 Nf5 20. Re1 Rxd5
21. Qxd5 exd5 22. Rxe7 Nxe7 23. Bd6 Nc6 24. Bxc5 Kf7 25. Rd1 Rd8 26. Kf2 a6 27.
f4 Ke6 28. Kf3 h5 29. h3 g5 30. Re1+ Kf5 31. g4+ hxg4+ 32. hxg4+ Kg6 33. Re6
Rc8 34. Rd6 gxf4 35. Kxf4 Ne5 36. Ba3 Rc4+ 37. Ke3 Re4+ 38. Kf2 Nxg4+ 39. Kg3
Kg5 40. Rxd5+ f5 41. Rd3 Nf6 42. Kf3 Rf4+ 43. Kg2 Ne4 44. Rf3 Rg4+ 45. Kh2 Kf6
46. Be7+ Ke5 47. Bd8 f4 48. Kh3 Kf5 49. Kh2 Rg7 50. Kh3 Rd7 51. Ba5 Ng5+  0-1

[Event "M.Chigorin Memorial 2017 "]
[Site "?????-?????????"]
[Date "2017.10.23"]
[Round "3"]
[Board "1"]
[White "Artemiev, Vladislav"]
[Black "Faizrakhmanov, Ramil"]
[Result "1-0"]
[WhiteElo "2696"]
[BlackElo "2421"]
[PlyCount "133"]
[EventDate "2017.10.21"]
[EventRounds "9"]
[EventCountry "RUS"]

1. d4 Nf6 2. c4 e6 3. Nc3 Bb4 4. g3 O-O 5. Bg2 d5 6. Nf3 c5 7. dxc5 Nc6 8. O-O
Bxc5 9. cxd5 exd5 10. a3 h6 11. b4 Be7 12. Bb2 Be6 13. Rc1 Rc8 14. Qd3 Qd7 15.
Rfd1 Rfd8 16. Qb1 Qe8 17. e3 a6 18. Qa1 Qf8 19. Ne2 Ne4 20. Nf4 Bf6 21. Ne1 Qe7
22. Ned3 Bxb2 23. Qxb2 Nf6 24. Nxe6 fxe6 25. Bh3 Rd6 26. a4 Re8 27. b5 axb5 28.
axb5 Nd8 29. Rc8 Nf7 30. Rdc1 Ng5 31. Bf1 Rxc8 32. Rxc8+ Rd8 33. Rxd8+ Qxd8 34.
h4 Nf7 35. Bh3 Qd6 36. Qc3 Nd8 37. Qd4 Kf7 38. g4 Ke7 39. g5 hxg5 40. hxg5 Ne8
41. Nf4 b6 42. Bg4 Qc5 43. Qe5 Qd6 44. Qd4 Qc5 45. Ng6+ Kd7 46. Ne5+ Ke7 47.
Qd3 Qd6 48. Ng6+ Kd7 49. Nf4 Kc7 50. Qg6 Kd7 51. Qd3 Nc7 52. Qd4 Kc8 53. Qxg7
Nxb5 54. Nxe6 Nxe6 55. Qg8+ Kc7 56. Bxe6 Qe5 57. Qc8+ Kd6 58. Qd7+ Kc5 59. g6
Qg5+ 60. Kf1 Qxg6 61. Qxd5+ Kb4 62. Qb3+ Ka5 63. Bc4 Qc6 64. Qxb5+ Qxb5 65.
Bxb5 Kxb5 66. f4 Kc4 67. f5  1-0

[Event "M.Chigorin Memorial 2017 "]
[Site "?????-?????????"]
[Date "2017.10.23"]
[Round "3"]
[Board "2"]
[White "Liu, Yan"]
[Black "Sjugirov, Sanan"]
[Result "1/2-1/2"]
[WhiteElo "2422"]
[BlackElo "2650"]
[PlyCount "107"]
[EventDate "2017.10.21"]
[EventRounds "9"]
[EventCountry "RUS"]

1. d4 Nf6 2. Nf3 d5 3. c4 e6 4. e3 b6 5. b3 Bb7 6. Bd3 Bd6 7. O-O O-O 8. Bb2
Nbd7 9. Nc3 a6 10. Qe2 Ne4 11. Rac1 f5 12. Na4 Qe7 13. Rc2 dxc4 14. bxc4 c5 15.
Rcc1 Rad8 16. Rfd1 Bc7 17. Bc2 Qe8 18. Nc3 Nxc3 19. Bxc3 Qh5 20. h3 Nf6 21. Re1
Ne4 22. Bxe4 Bxe4 23. Ne5 Qxe2 24. Rxe2 Bxe5 25. dxe5 Bd3 26. Rb2 Bxc4 27. Rxb6
Bxa2 28. Rxa6 Bd5 29. Ra5 c4 30. f3 Ra8 31. Rca1 Rxa5 32. Rxa5 Rb8 33. Bd4 Kf7
34. Ra7+ Kg6 35. Kf2 Rb1 36. Rc7 Rd1 37. Bc5 Rb1 38. Bf8 Rb7 39. Rxb7 Bxb7 40.
Bb4 Kh5 41. Kg3 g5 42. Bd2 Bc6 43. Bc3 Ba4 44. Bd2 Bc2 45. Be1 Bd3 46. Bd2 Kg6
47. h4 h6 48. hxg5 hxg5 49. Kf2 g4 50. Kg3 Be2 51. Kf4 Kf7 52. e4 gxf3 53. gxf3
fxe4 54. Kxe4  1/2-1/2

[Event "M.Chigorin Memorial 2017 "]
[Site "?????-?????????"]
[Date "2017.10.23"]
[Round "3"]
[Board "3"]
[White "Volkov, Sergey"]
[Black "Ofitserian, Boris"]
[Result "1/2-1/2"]
[WhiteElo "2638"]
[BlackElo "2402"]
[PlyCount "116"]
[EventDate "2017.10.21"]
[EventRounds "9"]
[EventCountry "RUS"]

1. d4 Nf6 2. c4 g6 3. Nc3 d5 4. Nf3 Bg7 5. Qb3 dxc4 6. Qxc4 O-O 7. e4 Na6 8.
Be2 c5 9. d5 e6 10. O-O exd5 11. exd5 Re8 12. Rd1 Bf5 13. d6 h6 14. a3 Qb6 15.
Qb5 Rad8 16. Be3 Re6 17. Bc4 Rexd6 18. Qxb6 Rxd1+ 19. Rxd1 Rxd1+ 20. Nxd1 axb6
21. Ne5 Be6 22. Bxe6 fxe6 23. Nxg6 Nd5 24. Bd2 b5 25. Nf4 Kf7 26. Kf1 c4 27.
Nc3 Nxf4 28. Bxf4 b4 29. axb4 Nxb4 30. Bd6 Nd3 31. Ba3 Ke8 32. Ne4 Kd7 33. Nd6
Bxb2 34. Nxc4 Bd4 35. Ke2 Nxf2 36. Nd6 Kc6 37. Nf7 h5 38. Nd8+ Kd5 39. Nxb7 Ng4
40. h3 Ne3 41. g3 Nc4 42. Bb4 Bb6 43. g4 Kc6 44. gxh5 Kxb7 45. h6 Ne5 46. h7
Nf7 47. Bc3 Kc6 48. h8=Q Nxh8 49. Bxh8 Bd8 50. Kf3 Kd7 51. Kg4 Ke8 52. Be5 Kf7
53. Kh5 Bf6 54. Bxf6 Kxf6 55. Kg4 Kg6 56. Kf4 Kh5 57. Ke5 Kh4 58. Kxe6 Kxh3
 1/2-1/2